| 000 | 01118nam0a22002651 4500 | ||
|---|---|---|---|
| 001 | rc\2633377 | ||
| 005 | 20250623150446.0 | ||
| 035 | _a(NLR Aleph) 006796794 | ||
| 090 |
_a6201553 _c6201553 |
||
| 100 | _a20110914d1932 |||y0rusy50 ca | ||
| 101 | 0 | _arus | |
| 102 | _aRU | ||
| 105 | _ac z ||||| | ||
| 200 | 1 |
_aРеволюционная ассоциация бывших участников и жертв войны Франции. (АРАК) _fГюи Жеррам _g[Предисл.: Вайян Кутюрье] |
|
| 210 |
_aМосква _aЛенинград _cКоиз _d1932 _e[Москва] _g13 тип. Мособлполиграфа |
||
| 215 |
_aОбл., 56 с., 1 вкл. л. портр. _d21х14 см. |
||
| 300 | _aНа обороте тит. л.: "Guy Jerram. L'ARAC. Section francaise de I'IAC organisation proletarienne et revolutionaire des anciens combattants francais" | ||
| 700 | 1 |
_aЖеррам _bГ. _gГюи |
|
| 702 | 1 |
_aКутюрье _bВ. _gВайян _4080 |
|
| 801 | 0 |
_aRU _bNLR _gpsbo |
|
| 801 | 1 |
_aRU _bELAR _2rusmarc |
|
| 852 |
_aNLR _j32-10/4636 |
||
| 942 | _cBOOK | ||
| 980 | _aNB | ||